000 01614nam2a22003251 4500
001 rc\96511
005 20250620200821.0
010 _a5-86750-018-7
_9100000
035 _a(NLR Aleph) 005401833
090 _a7282729
_c7282729
100 _a20021216d1994 |||y0rusy50 ca
101 0 _arus
102 _aRU
105 _aa |||||||||
200 0 _a[10]
210 _d1994
_aБ. м.
215 _a672 с.
_cил.
300 _aАвт. также на англ. яз.: Agatha Christie
327 1 _aСодерж.: Убийство в Месопотамии; Незнакомец в коричневом; Шестнадцать лет спустя; После похорон
461 0 _1001rc\96501
_12001#$aИзбранные произведения$e[Пер. с англ.]$fАгата Кристи$v[10]
_1700#1$aКристи$bА.$f1890-1976$gАгата$3RU\NLR\AUTH\772006
_97282630
_aКристи, А. (1890-1976)
_cНовосибирск
_d1991-
_fАгата Кристи
_nГермес
_o[Пер. с англ.]
_tИзбранные произведения
_v[10]
464 0 _12001#$aУбийство в Месопотамии
_tУбийство в Месопотамии
464 0 _12001#$aНезнакомец в коричневом
_tНезнакомец в коричневом
464 0 _12001#$aШестнадцать лет спустя
_tШестнадцать лет спустя
464 0 _12001#$aПосле похорон
_tПосле похорон
801 0 _aRU
_bNLR
_gpsbo
801 1 _aRU
_bELAR
_2rusmarc
852 _aNLR
_j91-3/11320
942 _cBOOK
980 _aNB